Real or fake names - Statistics

General Stats
  • This quiz has been taken 10 times
  • The average score is 7 of 18
Answer Stats
Question Answer % Correct
Marijuana Pepsi Vandyck Real
80%
Doctor Thor Ironman Fake
60%
Krusty Finch Fake
60%
Dick Trickle Real
60%
Major Major Major Major Real
60%
Tony Hopper Fake
40%
Son Heckle Fake
40%
Basil Turnup Fake
40%
Fair Hooker Real
40%
Beezow Doo-Doo Zopittybop-Bop-Bop Real
40%
Crystal Metheny Real
40%
Yu true sue Fake
20%
Juju McJewish Fake
20%
Friday Lily Rural Fake
20%
Zoom Sanders Doom ll Fake
20%
Tu marrow Real
20%
Queeny Stevenson Fake
0%
Talula Does the Hula From Hawaii Real
0%
No matching quizzes found
Score Distribution
Percent of People with Each Score
Percentile by Number Answered
Your Score History
You have not taken this quiz